| 000 | 00505ntaaa2200181 4500 | ||
|---|---|---|---|
| 003 | 01 | ||
| 005 | 20251027202009.0 | ||
| 008 | 0714s1973 ag 01 | ||
| 040 |
_aAR-BaBN _bspa _cAR-BaBN _eaacr _dRIC |
||
| 082 | _a261.0000 Sc3 | ||
| 100 |
_aScott, Ernest F. _913023 |
||
| 245 | _aMan in society in the New Testament | ||
| 250 |
_a1 ed. : _bCharles Scribner's Sons, _cc1947 |
||
| 300 | _a299 p. | ||
| 650 | _aÉtica Cristiana | ||
| 650 |
_aNuevo Testamento-Obligaciones Sociales en el _918548 |
||
| 942 | _cBK | ||
| 999 |
_c14707 _d14707 |
||